000 00337nam a2200145Ia 4500
008 221030s9999 xx 000 0 und d
041 _aEnglish
082 _a105.23
_bSaw
100 _aA. K. Sawhney
245 0 _aElectrical Machine Design
260 _bDhanpat Rai Pub
_aNew Delhi
_c1997
300 _a919
650 _aEE
942 _cBK
999 _c1327
_d1327